000 00365nam a2200133 i 4500
001 bg
100 1 _aSOŁKOWSKI, Tadeusz
245 0 _aTeoretyczne metody wyznaczania kształtu narzędzi do obróbki plastycznej metali /
_cT. Sołkowsk.
260 _aKraków,
_c1990.
040 _cBPK
041 _apol
942 _cKS
008 s pl f |000 0 pol
999 _c29473
_d29473
856 _uhttp://koha.tu.koszalin.pl/cgi-bin/koha/opac-detail.pl?biblionumber=29473
_yKatalog online BPK